000 00822nam a22003137i 4500
001 027995
003 DO-SdBNP
005 20180207102021.0
007 027995
008 881024s1987 sp spa
015 _a
016 7 _a
_z
_2BPMSU
017 _a
_b
020 _a8430515275
035 _a
040 _aBPMSU
_bspa
_cBPMSU
_e
080 0 _a
100 1 _aWolf, Stefan
245 1 3 _aUn cazador cazado /
_cStefan Wolf ; ilustraciones interiores, Rainer Stolte.
_h
260 1 _aMadrid :
_bSusaeta,
_c1987.
300 _a184 p. :
_bil. ;
_c22 cm
490 1 _aPakto secreto
_v8
500 _aTraducido del alemán
700 1 _aStolte, Rainer
830 0 _aPakto secreto
_v8
942 _2ddc
_cBK
945 _aInventariado, 2018 /LP
956 _a VMATEO
_b10
_c20160518
_dBPMSU
_f0069
999 _c10171
_d10171